Normal view
MARC view
- Croft, Michal J.
Entry Personal Name
001 - CONTROL NUMBER
- control field: 2743
003 - CONTROL NUMBER IDENTIFIER
- control field: OSt
005 - DATE AND TIME OF LATEST TRANSACTION
- control field: 20191224154220.0
008 - FIXED-LENGTH DATA ELEMENTS
- fixed length control field: 191224|| aca||aabn | a|a d
040 ## - CATALOGING SOURCE
- Original cataloging agency: OSt
- Transcribing agency: OSt
100 ## - HEADING--PERSONAL NAME
- Personal name: Croft, Michal J.
670 ## - SOURCE DATA FOUND
- Source citation: Work cat.: (OSt)2110: Croft, Michal J. , Market Segmentation, 1994
